1235 1335 1639 1827 1192 1319 1815 1351 1510 1140 1114 1654 1353 1195 1396 1756 1340 1632 1077 1816 1804 1019 1620 1907 1533 1784 1465 1016 1674 1444 1398 1701 1290 1718 1791 1637 1669 1212 1027 1419 1166 1206 1640 1450 1435 1383 1092 1571 1417 1750 1822 1801 1043 1779 1132 1631 1400 1931 1061 1353 1274 1330 1821 1750 1189 1445 1886 1502 1259 1000 1478 1691 1470 1918 1001 1028 1007 1642 1259 1066 1890 1461 1757 1705 1244 1407 1338 1601 1718 1339 1790 1995 1726 1626 1026 1434 1202 1692 1858 BCNSPRNW ULIB Ver.6.0+V

เปลี่ยนเป็นภาษาไทย

Change to English
 แสดงรายละเอียดบรรณานุกรม
  กลับหน้าหลัก

Brief Record : Get Marc (ISO 2709) : E-mail record : QR code < ปิดหน้าต่าง
LEADER : 00000nam 2200000uu 4500
001    13399112959
003     ULIB
008    110919s2545||||th 000 0 tha d
020    9749054040
050  4 LC3998.T5^bอ481ส ล.5 2545
100 0  อุษณีย์ อนุรุทธ์วงศ์ (โพธิสุข)
245 10 สร้างเด็กให้เป็นอัจฉริยะ ล.5 EQ ปัญญานำมนุษยชาติ =^bRaising A Genius /^cอุษณีย์ อนุนุทธ์วงศ์ (โพธิสุข)
246 31 Raising A Genius
260    กรุงเทพฯ :^bมูลนิธิสดศรี-สฤษดิ์วงศ์,^c2545
300    132 หน้า :^bภาพประกอบ ;^c21 ซม.
440  0 หนังสือชุดสร้างเด็กให้เป็นอัจฉริยะ ;^vเล่มที่ 5
650  4 การศึกษาสำหรับผู้ที่มีความสามารถพิเศษ
945    ^p80^l0^i015270
945    ^p80^l0^i015271
945    ^p80^l0^i015272
995    ทศพร
999 ^a ทศพร
รายการนี้ยังไม่มีแท็ก
คุณยังไม่ได้ล็อกอิน คุณสามารถมีกิจกรรมร่วมกับเว็บไซต์ได้ แต่ต้องล็อกอินก่อน ::
  ล็อกอิน

รายการสื่อสารสนเทศ

ลำดับที่ ประเภท เลขเรียก/บาร์โค้ด สถานที่ สถานะ
- ไม่พบข้อมูล -

รายการใกล้เคียง
    ผู้แต่ง [อุษณีย์ อนุรุทธ์วงศ์ (โพธิสุข)]

    หัวเรื่อง [การศึกษาสำหรับผู้ที่มีความสามารถพิเศษ]

BibComment


ยังไม่เคยถูกคอมเมนท์

คอมเมนท์ทรัพยากรรายการนี้
  คอมเมนท์: สร้างเด็กให้เป็นอ..


 Copyright 2026. Bcnsprnw @Library